000 01104cam a22003134a 4500
001 15952059
003 OSt
005 20180117085942.0
008 091020s20092010pk b 001 0 eng
010 _a 2009361429
020 _a9780195478075 (hc)
025 _aP-E-2009361429
040 _aDLC
_cDLC
_dDLC
042 _alcode
043 _aa-su---
050 0 0 _aHV6431
_b.A8436 2009
100 1 _aAsseri, Ali S. Awadh.
245 1 0 _aCombating terrorism :
_bSaudi Arabia's role in the war on terror /
_cAli S. Awadh Asseri.
260 _aKarachi :
_bOxford University Press,
_c2009.
300 _axiii, 196 p. ;
_c22 cm.
504 _aIncludes bibliographical references (p. [179]-185) and index.
650 0 _aTerrorism
_xPrevention.
650 0 _aTerrorism
_zSaudi Arabia
_xPrevention.
650 0 _aTerrorism.
906 _a7
_bcbc
_corigode
_d2
_encip
_f20
_gy-gencatlg
942 _2ddc
_cBK
999 _c16202
_d16202